00907nam a2200217 a 450000100100000000500170001000800410002704000250006808200200009310000400011324500730015326000460022630000280027250000640030065000270036465000310039104900090042295201180043195201230054999900170067200001182920240530073912.0091028s2001 dr a 000 f spa d aDO-SdBNPbspacBNPHU aRD863.44bC322e1 aCartagena, Francisco,d1972-92514213aLa estrella azul :bla rebelión de Lucifer /cFrancisco Cartagena. aSanto Domingo :bEdiciones Nativo,c2001. a126 p. :bil. ;c22 cm. aIncluye datos biográficos del autor en la contracubierta. 0aNovela dominicana9223 0aLiteratura dominicana.967 aBNPD 0010718PDaPDbPDcCTd2009-10-28iLF1l0oRD863.44 C322ep11829-10r2020-06-25w2020-06-25yLFPDZNo se presta 0010718PDaPDbPDcCTd2009-10-28iLF1l0oRD863.44 C322ep11829-20r2020-06-25te.2w2020-06-25yLFPDZNo se presta c11503d11503